| 000 | 00570nam a2200181Ia 4500 | ||
|---|---|---|---|
| 008 | 100920s9999 xx 000 0 und d | ||
| 082 |
_b41736 _a24 थ 80 |
||
| 100 | _aजोशी शशिकांत. | ||
| 245 | _aनेत्रनिरांजनी. | ||
| 260 |
_bराधा प्रकाशन, पुणे. _c1980 |
||
| 300 |
_a74 _bसाधी |
||
| 365 | _b7 | ||
| 520 | _aसायो. | ||
| 630 | _aनेत्रनिरांजनी. | ||
| 650 | _aसायो. | ||
| 730 | _aनेत्रनिरांजनी. | ||
| 942 | _cBOOK | ||
| 999 |
_c692247 _d692244 |
||